LIBRARY & INFORMATION CENTRE, KCAET, TAVANUR

ONLINE PUBLIC ACCESS CATALOGUE (OPAC)

Fundamentals of geographic information system / (Record no. 13430)

MARC details
000 -LEADER
fixed length control field 00480cam a2200181ua 4500
041 ## - LANGUAGE CODE
Language code of text/sound track or separate title eng
082 ## - DEWEY DECIMAL CLASSIFICATION NUMBER
Classification number 550.006
Item number CHA/FU
100 ## - MAIN ENTRY--AUTHOR NAME
Personal name Chakraborthy, Debashis .
245 ## - TITLE STATEMENT
Title Fundamentals of geographic information system /
260 ## - PUBLICATION, DISTRIBUTION, ETC. (IMPRINT)
Place of publication New Delhi :
Name of publisher Viva Books ,
Year of publication 2007.
300 ## - PHYSICAL DESCRIPTION
Number of Pages ; .
700 1# - ADDED ENTRY--PERSONAL NAME
Personal name Sahoo, Rabi N .
942 ## - ADDED ENTRY ELEMENTS (KOHA)
Koha item type Books
Holdings
Withdrawn status Lost status Damaged status Home library Current library Date acquired Full call number Accession Number Koha item type
      KAUAET KAUAET 07/04/2012 550.006 CHA/FU 22022 Books
free website counter